Beginning Java objects : (Record no. 129)
[ view plain ]
| 000 -LEADER | |
|---|---|
| fixed length control field | 00680nam a22002172 4500 |
| 001 - CONTROL NUMBER | |
| control field | 0000000269 |
| 005 - DATE AND TIME OF LATEST TRANSACTION | |
| control field | 20151021151043.0 |
| 008 - FIXED-LENGTH DATA ELEMENTS--GENERAL INFORMATION | |
| fixed length control field | 070119s xx 000 0 eng d |
| 020 ## - INTERNATIONAL STANDARD BOOK NUMBER | |
| International Standard Book Number | 81812833283325 : |
| Terms of availability | KES 3,200 |
| 040 ## - CATALOGING SOURCE | |
| Original cataloging agency | KABU |
| Transcribing agency | KABU |
| 050 #0 - LIBRARY OF CONGRESS CALL NUMBER | |
| Classification number | QA76.73 |
| Item number | .J38B37 2005 |
| 100 1# - MAIN ENTRY--PERSONAL NAME | |
| Personal name | Barker, Jacquie. |
| -- | 0000148364 |
| 245 10 - TITLE STATEMENT | |
| Title | Beginning Java objects : |
| Remainder of title | from concepts to code / |
| Statement of responsibility, etc. | Jacquie Barker. |
| 250 ## - EDITION STATEMENT | |
| Edition statement | 2nd ed. |
| 260 ## - PUBLICATION, DISTRIBUTION, ETC. (IMPRINT) | |
| Place of publication, distribution, etc. | New Delhi : |
| Name of publisher, distributor, etc. | Springer (India), |
| Date of publication, distribution, etc. | 2005. |
| 300 ## - PHYSICAL DESCRIPTION | |
| Extent | xil, 916 p. |
| 650 #0 - SUBJECT ADDED ENTRY--TOPICAL TERM | |
| Topical term or geographic name as entry element | Java (Computer program language) |
| -- | 0000148169 |
| 908 ## - PUT COMMAND PARAMETER (RLIN) | |
| Put command parameter | 070119 |
| 950 ## - LOCAL HOLDINGS (RLIN) | |
| -- | 1 |
| Withdrawn status | Lost status | Source of classification or shelving scheme | Not for loan | Home library | Current library | Date acquired | Total Checkouts | Total Renewals | Full call number | Barcode | Date last seen | Date last checked out | Price effective from | Koha item type |
|---|---|---|---|---|---|---|---|---|---|---|---|---|---|---|
| Library of Congress Classification | Kabarak, Nakuru City Campus | Kabarak, Nakuru City Campus | 21/10/2015 | 2 | 1 | QA76.73 .J38B37 2005 | 005579 | 23/06/2023 | 22/05/2023 | 21/10/2015 | General Collection |